Online
Catalog

Las políticas antidrogas y comercial de Estados Unidos en la frontera con México / (Record no. 12633)

MARC details
000 -CABECERA
campo de control de longitud fija 00939cam a2200253 a 4500
001 - NÚMERO DE CONTROL
campo de control 000012986
005 - FECHA Y HORA DE LA ÚLTIMA TRANSACCIÓN
campo de control 20200929163120.0
008 - DATOS DE LONGITUD FIJA--INFORMACIÓN GENERAL
campo de control de longitud fija 960717s1995 mx a b 000 0 spa d
020 ## - NÚMERO INTERNACIONAL ESTÁNDAR DEL LIBRO
Número Internacional Estándar del Libro 9686075585
035 ## - NÚMERO DE CONTROL DEL SISTEMA
Número de control de sistema (DLC) 96170067
035 ## - NÚMERO DE CONTROL DEL SISTEMA
Número de control de sistema (OCoLC)33297664
040 ## - FUENTE DE LA CATALOGACIÓN
Centro catalogador/agencia de origen DO-SdBNP
Centro/agencia transcriptor CSdS
Centro/agencia modificador DLC
-- BNPHU
082 ## - NÚMERO DE LA CLASIFICACIÓN DECIMAL DEWEY
Número de clasificación 362.294
Número de documento/Ítem R175p
049 ## - FONDOS LOCALES (OCLC)
Fondos de biblioteca BNGR
100 1# - ENTRADA PRINCIPAL--NOMBRE DE PERSONA
Nombre de persona Ramos, José María.
9 (RLIN) 29939
245 14 - MENCIÓN DE TÍTULO
Título Las políticas antidrogas y comercial de Estados Unidos en la frontera con México /
Mención de responsabilidad, etc. José María Ramos ; edición, Óscar Tienda.
260 ## - PUBLICACIÓN, DISTRIBUCIÓN, ETC.
Lugar de publicación, distribución, etc. Tijuana, Baja California, (México) :
Nombre del editor, distribuidor, etc. El Colegio de la Frontera Norte,
Fecha de publicación, distribución, etc. 1995.
300 ## - DESCRIPCIÓN FÍSICA
Extensión 133 p. :
Otras características físicas il. ;
Dimensiones 23 cm.
504 ## - NOTA DE BIBLIOGRAFÍA, ETC.
Nota de bibliografía, etc. Bibliografía: (p. 127-133).
650 #4 - PUNTO DE ACCESO ADICIONAL DE MATERIA--TÉRMINO DE MATERIA
Término de materia o nombre geográfico como elemento de entrada Control de drogas y narcoticos
Subdivisión geográfica Estados Unidos.
9 (RLIN) 29940
650 #4 - PUNTO DE ACCESO ADICIONAL DE MATERIA--TÉRMINO DE MATERIA
Término de materia o nombre geográfico como elemento de entrada Control de drogas y narcoticos
Subdivisión geográfica Mexico.
9 (RLIN) 29941
700 1# - PUNTO DE ACCESO ADICIONAL--NOMBRE DE PERSONA
Nombre de persona Tienda, Óscar,
Término indicativo de función/relación ed.
9 (RLIN) 29942
910 ## - DATOS DE OPCIÓN DEL USUARIO (OCLC)
Datos de opción del usuario Catalogación por copia / LC
Holdings
Estado de retiro Estado de pérdida Restricciones de uso No para préstamo Código de colección Localización permanente Ubicación/localización actual Ubicación en estantería Fecha de adquisición Número de inventario Total de préstamos Signatura topográfica completa Código de barras Fecha visto por última vez Precio válido a partir de Tipo de ítem Koha
    Préstamo interno   Monografías: Libros y Folletos General General En catalogación 18.11.2009 LF1   362.294 R175p 12986-10 25.06.2020 25.06.2020 Préstamo interno

Powered by Koha